Saudi Arabia : golden business..
| Main Author: | |
|---|---|
| Format: | Book |
| Published: |
Jeddah:
Dallah Group,
1993.
|
| Subjects: |
| LEADER | 00469cam a2200169 7i4500 | ||
|---|---|---|---|
| 001 | 0000003769 | ||
| 005 | 19991025090000.0 | ||
| 002 | ##000005164 | ||
| 020 | 0 | 0 | |a T000004585 |
| 090 | 0 | 0 | |a SAUD 338.7 |b SAU |
| 100 | 0 | 0 | |a Abdullah S.Dahlan |
| 245 | 1 | 0 | |a Saudi Arabia : |b golden business.. |
| 260 | 0 | 0 | |a Jeddah: |b Dallah Group, |c 1993. |
| 300 | 0 | 0 | |a 225 p.. |
| 650 | 0 | 0 | |a Business -- |z Saudi Arabia |
| 651 | 0 | 0 | |a Saudi Arabia |
| 999 | |a 0000005862 |b Book |c Open shelf |e Business Information Centre | ||